书目信息 |
| 题名: |
家装总动员
|
|
| 作者: | 潇祺 编著 | |
| 分册: | 1 | |
| 出版信息: | 乌鲁木齐 新疆人民出版社 2001 |
|
| 页数: | 80页 | |
| 开本: | 26cm | |
| 丛书名: | ||
| 单 册: | ||
| 中图分类: | TU767-64 , TU241-64 | |
| 科图分类: | ||
| 主题词: | 住宅--室内装修--图集 , 住宅 , 室内装修 , 民用建筑--建筑设计 | |
| 电子资源: | ||
| ISBN: | 7-228-06793-2 | |
| 000 | 00837nam0 2200277 450 | |
| 001 | 1548258236 | |
| 005 | 20150131132510.39 | |
| 010 | @a7-228-06793-2@dCNY29.80 | |
| 100 | @a20020122d2001 em y0chiy0110 ea | |
| 101 | 0 | @achi |
| 102 | @aCN@b650000 | |
| 105 | @aa z 000yy | |
| 200 | 1 | @a家装总动员@9jia zhuang zong dong yuan@h1@f潇祺编著 |
| 210 | @a乌鲁木齐@c新疆人民出版社@d2001 | |
| 215 | @a80页@d26cm@e光盘1片 | |
| 307 | @a附光盘:ISRC CN-C05-01-0037-0 | |
| 330 | @a本书精选了有关客厅、玄关、走廊、卧室、书房、楼梯、造景绿化、餐厅、厨房、卫浴等家装时尚作品。 | |
| 606 | 0 | @a住宅@x室内装修@j图集 |
| 606 | 0 | @a住宅 |
| 606 | 0 | @a室内装修 |
| 606 | 0 | @a民用建筑@x建筑设计 |
| 690 | @aTU767-64@v5 | |
| 690 | @aTU241-64@v4 | |
| 701 | 0 | @a潇祺@9xiao qi@4编著 |
| 801 | 0 | @aCN@bTSSF@c20150131 |
| 905 | @aZUCC@dTU241-64@eJY6:1 | |
| 家装总动员.1/潇祺编著.-乌鲁木齐:新疆人民出版社,2001 |
| 80页;26cm+光盘1片 |
| ISBN 7-228-06793-2:CNY29.80 |
| 本书精选了有关客厅、玄关、走廊、卧室、书房、楼梯、造景绿化、餐厅、厨房、卫浴等家装时尚作品。 |
| ● |
| 相关链接 |
|
|
|
|
正题名:家装总动员
索取号:TU241-64/JY6:1
 
预约/预借
| 序号 | 登录号 | 条形码 | 馆藏地/架位号 | 状态 | 备注 |
| 1 | 7861997 | 278619979 | 学院路分馆/ [索取号:TU241-64/JY6:1] | 在馆 | |
| 2 | 7861998 | 278619988 | 学院路分馆/ [索取号:TU241-64/JY6:1] | 在馆 |